|
|
|
|
| LEADER |
01855nam a2200457 i 4500 |
| 001 |
EBC1981231 |
| 003 |
MiAaPQ |
| 005 |
20200520144314.0 |
| 006 |
m o d | |
| 007 |
cr cnu|||||||| |
| 008 |
150314t20152015caua o 001 0 eng d |
| 020 |
|
|
|z 9780804783781
|
| 020 |
|
|
|z 9780804783798
|
| 020 |
|
|
|a 9780804794312
|q (electronic bk.)
|
| 035 |
|
|
|a (MiAaPQ)EBC1981231
|
| 035 |
|
|
|a (Au-PeEL)EBL1981231
|
| 035 |
|
|
|a (CaPaEBR)ebr11028405
|
| 035 |
|
|
|a (OCoLC)904338859
|
| 040 |
|
|
|a MiAaPQ
|b eng
|e rda
|e pn
|c MiAaPQ
|d MiAaPQ
|
| 050 |
|
4 |
|a HD6072.5
|b .O77 2015
|
| 082 |
0 |
|
|a 338/.04082
|2 23
|
| 100 |
1 |
|
|a Orser, Barbara,
|e author.
|
| 245 |
1 |
0 |
|a Feminine capital :
|b unlocking the power of women entrepreneurs /
|c Barbara Orser and Catherine Elliott.
|
| 264 |
|
1 |
|a Standford, California :
|b Stanford Business Books,
|c 2015.
|
| 264 |
|
4 |
|c 2015
|
| 300 |
|
|
|a 1 online resource (241 pages) :
|b illustrations, tables
|
| 336 |
|
|
|a text
|2 rdacontent
|
| 337 |
|
|
|a computer
|2 rdamedia
|
| 338 |
|
|
|a online resource
|2 rdacarrier
|
| 500 |
|
|
|a Includes index.
|
| 588 |
|
|
|a Description based on print version record.
|
| 590 |
|
|
|a Electronic reproduction. Ann Arbor, MI : ProQuest, 2015. Available via World Wide Web. Access may be limited to ProQuest affiliated libraries.
|
| 650 |
|
0 |
|a Businesswomen.
|
| 650 |
|
0 |
|a Women-owned business enterprises.
|
| 650 |
|
0 |
|a Self-employed women.
|
| 650 |
|
0 |
|a Entrepreneurship.
|
| 655 |
|
4 |
|a Electronic books.
|
| 700 |
1 |
|
|a Elliott, Catherine,
|d 1960-
|e author.
|
| 776 |
0 |
8 |
|i Print version:
|a Orser, Barbara.
|t Feminine capital : unlocking the power of women entrepreneurs.
|d Standford, California : Stanford Business Books, c2015
|h xii, 228 pages
|z 9780804783798
|w 2014042781
|
| 797 |
2 |
|
|a ProQuest (Firm)
|
| 856 |
4 |
0 |
|u https://ebookcentral.proquest.com/lib/matrademy/detail.action?docID=1981231
|z Click to View
|